| 000 | 01713nam a2200505 i 4500 | ||
|---|---|---|---|
| 001 | 55989 | ||
| 003 | KOSZ 005 | ||
| 005 | 20210318140222.0 | ||
| 008 | 030211s2002 pl a f f |001 0 pol | ||
| 015 | _aUWD 2004/15644 | ||
| 020 | _a8320427479 | ||
| 035 | _a991020220079705066 | ||
| 035 | _a(PL-WaBN)b15482777-48omnis_nlop | ||
| 035 | _ab15482777 | ||
| 035 | _a(OCoLC)749562075 | ||
| 035 | _a(PL)b0000001548277 | ||
| 035 | _a(EXLNZ-48OMNIS_NETWORK)9910202602205606 | ||
| 040 |
_aWA N _cWA N _dKOSZ 005/HR |
||
| 041 | 0 | _apol | |
| 046 | _k2002 | ||
| 080 | _a519.174.7 | ||
| 080 | _a519.863 | ||
| 080 | _a(075.8) | ||
| 245 | 0 | 0 |
_aOptymalizacja dyskretna : _bmodele i metody kolorowania grafów / _cpod. red. Marka Kubale ; [aut.] Jakub Białogrodzki [et al.]. |
| 260 |
_aWarszawa : _bWydawnictwa Naukowo-Techniczne, _c2002. |
||
| 300 |
_aXVI, 268 s. : _bil. ; _c25 cm. |
||
| 336 |
_aTekst _btxt _2rdacontent |
||
| 337 |
_aBez urządzenia pośredniczącego _bn _2rdamedia |
||
| 338 |
_aWolumin _bnc _2rdacarrier |
||
| 380 | _aKsiążki | ||
| 380 | _aPublikacje dydaktyczne | ||
| 385 |
_mPoziom nauczania _aSzkoły wyższe |
||
| 388 | _a2001- | ||
| 504 | _aBibliogr. przy rozdz. Indeks. | ||
| 650 | 7 |
_aKolorowanie grafów _2DBN |
|
| 650 | 7 |
_aOptymalizacja dyskretna _2DBN |
|
| 655 | 7 |
_aPodręczniki akademickie _2DBN |
|
| 658 | _aMatematyka | ||
| 700 | 1 |
_aBiałogrodzki, Jakub _eAutor |
|
| 700 | 1 |
_aKubale, Marek _d(1946- ) _eRedakcja |
|
| 710 | 2 |
_aWydawnictwa Naukowo-Techniczne _4pbl |
|
| 856 |
_uhttp://koha.tu.koszalin.pl/cgi-bin/koha/opac-detail.pl?biblionumber=55989 _yKatalog online BPK |
||
| 942 |
_2UKD _cKS |
||
| 999 |
_c55989 _d55989 |
||